| 000 | 00309nab a22001097u 4500 | ||
|---|---|---|---|
| 008 | 130520b1986 xxu||||| |||| 00| 0 spa d | ||
| 041 | _aspa | ||
| 100 | 1 |
_aRubio, M. _967380 |
|
| 245 | 0 | 0 |
_aLa virtud cristiana del perdón _cM. Rubio |
| 773 | 0 |
_tConcilium _gV.1,1986,págs.263-278 _x0210-1041 _wRev134 |
|
| 942 | _cAR | ||
| 999 |
_c355212 _d355212 |
||